000 00655nam a2200241Ia 4500
003 OSt
005 20221005044009.0
006 a|||||r|||| 00| 0
007 ta
008 221004b |||||||| |||| 00| 0 eng d
024 _a68679
037 _cTextual
040 _aCRL
_cCRL
_beng
041 _2eng
_aeng
082 _aX:952:(S:7:6), N2
100 _aBell Arthur H
_9592099
245 0 _aExtra viewing
_b Innovative ways to hire the best
260 _aHome
_bWood Business one Irwin
_c1992
300 _a227p
_ccm.
650 _aECONOMICS
942 _hX:952:(S:7:6), N2
_cTEXL
_2cc
999 _c952734
_d952734